000 01193nam a2200301 4500
003 EC-UNACH
005 20251017123411.0
006 s||||gr|||| 00| 00
008 150116t9999 mx r gr 000 0 spa d
020 _a978-968-24-7770-6
040 _aEC-UNACH
_cEC-UNACH
041 _aspa
082 0 4 _223
_a647.95
_bl011010
110 _aTrillas
245 _aManejo y conducción de grupos de ecoturistas
250 _aPrimera edición
264 _aMexico
_bTrillas
_c2009
300 _a139
505 _aCapítulo 1- Ecoturismo y Ecoturistas Capitulo 2- Guías de turismo naturalista Capítulo 3- Recreación al aire libre Capitulo 4- Biología y conservación Capitulo 5- Elaboración del programa de interpretación Capitulo 6- Guiar en el sitio Capitulo 7- Planificación de un eco tur Capitulo 8- Lo inesperado Capítulo 9- Búsqueda de empleo Capitulo 10- El producto ecoturístico
650 _aEcoturismo
650 _aEcoturistas
650 _aTurismo Naturalista
700 _aAna Victoria Wo ching / Allan R. Rhodes Espinoza
942 _2ddc
_c1
999 _c14028